000 00816nam a2200205Ii 4500
003 JO-AjNU
008 230605s9999||||xx |||||||||||||| ||und||
040 _aJO-AjNU
_bara
_erda
_cJO-AjNU
041 _aara
050 1 4 _aDS247.O65.G4312 2006
100 3 _aغباش، حسين ؛ نقلها الى العربية حمصي، أنطوان,
_eauthor
_945118
245 0 0 _aعمان: الديمقراطية الإسلامية: تقاليد الآمامة والتاريخ السياسي الحديث 1500-1970
250 _aط4
264 3 1 _aبيروت: دار الفارابي، 2006
300 _a414ص
336 _atext
_btxt
_2rdacontent
337 _aunmediated
_bn
_2rdamedia
338 _avolume
_bnc
_2rdacarrier
650 4 _aالتاريخ السياسي الحديث 1500-1970 -عمان-تاريخ
_945119
999 _aA19534
_c23102
_d23102